[Event "Cracovia 2009"]
[Site "Krakow"]
[Date "2010.01.02"]
[Round "7.35"]
[White "Gluszko, Monika"]
[Black "Llaneza Vega, Victor"]
[Result "1/2-1/2"]
[WhiteElo "1983"]
[BlackElo "2045"]
[PlyCount "110"]
[EventDate "2009.??.??"]

1. e4 c5 2. Nf3 Nc6 3. Nc3 d6 4. d4 cxd4 5. Nxd4 e5 6. Nf5 Bxf5 7. exf5 Nf6 8.
Bg5 Be7 9. Bxf6 Bxf6 10. Bc4 O-O 11. O-O Nd4 12. Qd3 Qd7 13. Rad1 Rac8 14. Bd5
Qxf5 15. Be4 Qh5 16. Bxb7 Rc7 17. Be4 Kh8 18. Nb5 Nxb5 19. Qxb5 Be7 20. c3 f5
21. Bf3 Qg6 22. Be2 f4 23. f3 Bh4 24. Qd3 Qxd3 25. Rxd3 Be7 26. Rd5 Rb8 27. Rd2
d5 28. Rxd5 Rxb2 29. Rxe5 Rxa2 30. Rb1 g6 31. c4 Kg7 32. g3 fxg3 33. hxg3 Bd6
34. Re4 Bxg3 35. Bd3 Rd2 36. Be2 a5 37. Ra1 Rc5 38. Rd1 Rxd1+ 39. Bxd1 Kf6 40.
Ba4 Be5 41. Bb5 Bc7 42. Kf2 Rh5 43. Re8 Bb6+ 44. Kg2 Rg5+ 45. Kf1 h5 46. Ra8
Ke5 47. Ra6 Rg1+ 48. Ke2 Bd8 49. Be8 h4 50. Rxg6 Rxg6 51. Bxg6 Bb6 52. Kf1 Kf4
53. Kg2 a4 54. c5 Bxc5 55. Bf7 a3 1/2-1/2

[Event "Cracovia 2009"]
[Site "Krakow"]
[Date "2010.01.03"]
[Round "8.3"]
[White "Strzemiecki, Zbigniew"]
[Black "Cyborowski, Lukasz"]
[Result "1/2-1/2"]
[WhiteElo "2333"]
[BlackElo "2517"]
[PlyCount "74"]
[EventDate "2009.??.??"]

1. e4 c5 2. Nf3 e6 3. d4 cxd4 4. Nxd4 Nc6 5. Nc3 Qc7 6. Be3 Nf6 7. Bd3 a6 8.
O-O Nxd4 9. Bxd4 Bc5 10. Bxc5 Qxc5 11. Kh1 e5 12. f4 d6 13. Qf3 Be6 14. Nd1
exf4 15. Qxf4 Ng4 16. h3 h5 17. Nf2 Qe5 18. Qxe5 Nxe5 19. Be2 Rc8 20. c3 Ke7
21. Nd3 Nxd3 22. Bxd3 Rc5 23. h4 g5 24. g3 Rg8 25. Rg1 Re5 26. Kh2 Rd8 27. Bc2
d5 28. exd5 Rexd5 29. Rad1 gxh4 30. gxh4 Rc8 31. Rxd5 Bxd5 32. Rg5 Bxa2 33.
Rxh5 b5 34. Re5+ Be6 35. Re2 b4 36. cxb4 Rc4 37. Be4 Rxb4 1/2-1/2

[Event "Cracovia 2009"]
[Site "Krakow"]
[Date "2010.01.03"]
[Round "8.4"]
[White "Shishkin, Vadim"]
[Black "Rudolf, Michal"]
[Result "1/2-1/2"]
[WhiteElo "2507"]
[BlackElo "2381"]
[PlyCount "60"]
[EventDate "2009.??.??"]

1. d4 Nf6 2. c4 g6 3. Nc3 Bg7 4. e4 d6 5. Be2 O-O 6. Nf3 e5 7. Be3 Ng4 8. Bg5
f6 9. Bh4 g5 10. Bg3 Nh6 11. d5 Nd7 12. Nd2 f5 13. exf5 Nf6 14. Nde4 Nxe4 15.
Nxe4 Nxf5 16. Bg4 Nd4 17. O-O Bf5 18. Bxf5 Rxf5 19. f3 c5 20. dxc6 bxc6 21. Bf2
Qd7 22. Be3 h6 23. Qd2 Rd8 24. Rad1 Rf7 25. c5 dxc5 26. Nxc5 Qd5 27. Bxd4 exd4
28. b4 a5 29. a3 axb4 30. axb4 Re7 1/2-1/2

[Event "Cracovia 2009"]
[Site "Krakow"]
[Date "2010.01.03"]
[Round "8.5"]
[White "Brodowski, Piotr"]
[Black "Sharapov, Evgeny"]
[Result "1/2-1/2"]
[WhiteElo "2425"]
[BlackElo "2521"]
[PlyCount "79"]
[EventDate "2009.??.??"]

1. d4 Nf6 2. c4 c6 3. Nc3 d5 4. cxd5 cxd5 5. Nf3 Nc6 6. Bf4 a6 7. e3 Bg4 8. Be2
e6 9. O-O Be7 10. a3 O-O 11. Nd2 Bxe2 12. Qxe2 Rc8 13. Rac1 Nd7 14. Nb3 Qb6 15.
Qd1 Na5 16. Nxa5 Qxa5 17. Qb3 Qb6 18. Qa2 Qa7 19. Rc2 Rc6 20. Rfc1 Rfc8 21. b3
Qb6 22. Qb2 h6 23. h3 Qa5 24. b4 Qd8 25. Na4 Rxc2 26. Rxc2 Rxc2 27. Qxc2 b5 28.
Nb2 a5 29. Nd3 axb4 30. axb4 Nf6 31. Qc6 Qe8 32. Qb7 Ne4 33. Nc5 Nc3 34. Bc7
Bf8 35. Bb6 Bd6 36. Bc7 Bf8 37. Qa6 Be7 38. Nd3 Qf8 39. Ba5 Qe8 40. Nc5 1/2-1/2

[Event "Cracovia 2009"]
[Site "Krakow"]
[Date "2010.01.03"]
[Round "8.6"]
[White "Rutkowski, Maciej"]
[Black "Vlcek, Stanislav"]
[Result "1-0"]
[WhiteElo "2405"]
[BlackElo "2286"]
[PlyCount "71"]
[EventDate "2009.??.??"]

1. d4 Nf6 2. Nf3 g6 3. c4 Bg7 4. Nc3 d6 5. g3 O-O 6. Bg2 Nbd7 7. O-O e5 8. h3
c6 9. e4 Qb6 10. c5 dxc5 11. dxe5 Ne8 12. e6 fxe6 13. Qc2 Nd6 14. Rd1 Qc7 15.
Ng5 Ne5 16. f4 Nef7 17. e5 Nf5 18. Nxf7 Rxf7 19. Ne4 b6 20. b4 cxb4 21. Nd6
Nxd6 22. exd6 Qd8 23. Bxc6 Bb7 24. Bxb7 Rxb7 25. Rb1 a5 26. Bb2 Qd7 27. Bxg7
Rc8 28. Qe4 Kxg7 29. Rbc1 Rbb8 30. h4 Kf7 31. Rxc8 Rxc8 32. h5 Rc5 33. h6 Kf6
34. Qd4+ e5 35. fxe5+ Rxe5 36. Re1 1-0

[Event "Cracovia 2009"]
[Site "Krakow"]
[Date "2010.01.03"]
[Round "8.7"]
[White "Dworakowska, Joanna"]
[Black "Llaneza Vega, Patricia"]
[Result "1-0"]
[WhiteElo "2361"]
[BlackElo "2276"]
[PlyCount "71"]
[EventDate "2009.??.??"]

1. e4 c5 2. Nf3 d6 3. d4 cxd4 4. Nxd4 Nf6 5. Nc3 Nc6 6. Be3 e6 7. Bc4 Be7 8.
Qe2 O-O 9. O-O-O d5 10. exd5 exd5 11. Bb3 Bb4 12. Bg5 Bxc3 13. bxc3 h6 14. Bh4
Qd6 15. Kb2 Re8 16. Qf1 Nxd4 17. Rxd4 a5 18. f3 b5 19. Bxf6 Qxf6 20. Qxb5 Be6
21. a4 Reb8 22. Qd3 Ra7 23. Re1 Rc7 24. Re3 g6 25. Qd2 Rcb7 26. h3 Rb6 27. g4
Kh7 28. f4 R8b7 29. Qd3 Rb8 30. Rf3 Qe7 31. f5 Qb7 32. fxe6 Rxb3+ 33. Kc1 Rb1+
34. Kd2 fxe6 35. Rdf4 Qb6 36. Rf7+ 1-0

[Event "Cracovia 2009"]
[Site "Krakow"]
[Date "2010.01.03"]
[Round "8.8"]
[White "Panocki, Adrian"]
[Black "Toma, Katarzyna"]
[Result "1-0"]
[WhiteElo "2353"]
[BlackElo "2233"]
[PlyCount "97"]
[EventDate "2009.??.??"]

1. Nf3 Nf6 2. c4 g6 3. Nc3 d5 4. cxd5 Nxd5 5. Qa4+ Bd7 6. Qh4 Nxc3 7. bxc3 c5
8. Rb1 Qc7 9. g3 Bg7 10. Bg2 Nc6 11. O-O O-O 12. d4 Na5 13. Qxe7 Rfe8 14. Bf4
Qc8 15. Qh4 Rxe2 16. Be5 Bf5 17. Rb5 b6 18. Bxg7 Kxg7 19. dxc5 Re4 20. Qg5 Qe8
21. Nd4 Rxd4 22. cxd4 Qxb5 23. Bxa8 bxc5 24. dxc5 Qxc5 25. Qd2 Be6 26. Rc1 Nc4
27. Qc3+ f6 28. Qe3 Qxe3 29. fxe3 Kf8 30. Bg2 Ke8 31. Bf1 Nd6 32. a3 Kd7 33.
Bd3 f5 34. Rc5 Nb7 35. Bb5+ Kd8 36. Re5 Bf7 37. Bc6 Nd6 38. Ra5 Kc7 39. Bf3 Kb6
40. Re5 a5 41. Be2 Bc4 42. Kf2 Bxe2 43. Kxe2 Nc4 44. Re6+ Kb5 45. Kd3 Nxa3 46.
Re7 Kb4 47. Rxh7 a4 48. Rg7 Kb3 49. Rb7+ 1-0

[Event "Cracovia 2009"]
[Site "Krakow"]
[Date "2010.01.03"]
[Round "8.9"]
[White "Duda, Jan-Krzysztof"]
[Black "Krzyzanowski, Marcin"]
[Result "0-1"]
[WhiteElo "2079"]
[BlackElo "2333"]
[PlyCount "82"]
[EventDate "2009.??.??"]

1. e4 c5 2. Nf3 d6 3. d4 cxd4 4. Nxd4 Nf6 5. Nc3 a6 6. f4 e5 7. Nf3 Nc6 8. a4
Be7 9. Bd3 O-O 10. O-O exf4 11. Bxf4 Qb6+ 12. Kh1 Qxb2 13. Nd5 Nxd5 14. exd5
Ne5 15. Rb1 Qc3 16. Rb3 Qc7 17. Nxe5 dxe5 18. Be3 f5 19. Qd2 Bd6 20. Bb6 Qe7
21. g3 Bd7 22. Qa5 f4 23. gxf4 Rxf4 24. Rg1 Bb4 25. Rxb4 Qxb4 26. Qxb4 Rxb4 27.
Bc7 Re8 28. Re1 e4 29. Be2 Rxa4 30. c4 Ra2 31. c5 Rc2 32. Bb6 Re5 33. Bd1 Rd2
34. Bb3 Kh8 35. Bc7 Rexd5 36. Bxd5 Rxd5 37. Bb6 h6 38. Kg1 Bc6 39. Kf2 Rd2+ 40.
Kg3 Kh7 41. Bc7 g5 0-1

[Event "Cracovia 2009"]
[Site "Krakow"]
[Date "2010.01.03"]
[Round "8.10"]
[White "Matras-Clement, Agnieszka"]
[Black "Jerez Perez, Alfonso"]
[Result "0-1"]
[WhiteElo "2231"]
[BlackElo "2406"]
[PlyCount "101"]
[EventDate "2009.??.??"]

1. e4 c5 2. Nc3 Nc6 3. f4 g6 4. Nf3 Bg7 5. Bb5 Nd4 6. Nxd4 cxd4 7. Ne2 e6 8.
O-O Ne7 9. d3 O-O 10. Qe1 d5 11. e5 Qb6 12. Ba4 f6 13. exf6 Bxf6 14. Kh1 a5 15.
c3 dxc3 16. bxc3 Qa6 17. Rb1 Qxd3 18. Ba3 Qc4 19. Bb5 Qc7 20. Nd4 Bxd4 21. cxd4
Rf7 22. Qe5 Nc6 23. Bxc6 bxc6 24. Bd6 Qd7 25. Bc5 Rf5 26. Qe3 Ba6 27. Rfe1 Bb5
28. g4 Rf7 29. Qe5 a4 30. Re3 Rd8 31. Rbe1 Bc4 32. Qg5 Re8 33. f5 e5 34. Rxe5
Rxe5 35. Rxe5 Bd3 36. f6 Qd8 37. Re7 Qb8 38. Qd2 Be4+ 39. Rxe4 dxe4 40. g5 Qb1+
41. Kg2 Rb7 42. Ba3 Qd3 43. Qxd3 exd3 44. Kf3 Rb1 45. Ke3 Ra1 46. Kxd3 Rxa2 47.
Bd6 a3 48. Kc3 Rg2 49. Bxa3 Rxg5 50. Bd6 Kf7 51. Be5 0-1

[Event "Cracovia 2009"]
[Site "Krakow"]
[Date "2010.01.03"]
[Round "8.11"]
[White "Bartel, Michal"]
[Black "Fraczek, Daniel"]
[Result "0-1"]
[WhiteElo "2234"]
[BlackElo "2371"]
[PlyCount "152"]
[EventDate "2009.??.??"]

1. e4 c5 2. Nf3 g6 3. d4 cxd4 4. Nxd4 Bg7 5. Nc3 Nc6 6. Nde2 Nf6 7. g3 O-O 8.
Bg2 Rb8 9. a4 a6 10. O-O b5 11. axb5 axb5 12. Nd5 d6 13. Bg5 Nd7 14. c3 h6 15.
Be3 Nde5 16. Nd4 e6 17. Nf4 b4 18. Nd3 bxc3 19. bxc3 Qc7 20. Nxc6 Nxc6 21. Rc1
Ba6 22. Re1 Bxd3 23. Qxd3 Ne5 24. Qe2 Nc4 25. Bf1 Nb2 26. Rc2 Na4 27. c4 Nc5
28. Bxc5 Qxc5 29. Qe3 Qxe3 30. Rxe3 Bd4 31. Rd3 Bc5 32. Kg2 Rb1 33. Be2 Rfb8
34. Rd1 Kg7 35. Rxb1 Rxb1 36. f4 Kf6 37. Kf3 Rb3+ 38. Kg2 Re3 39. Bf3 Re1 40.
Be2 Rb1 41. Rd2 h5 42. Bd1 Bb4 43. Rd3 Rb2+ 44. Kh3 Bc5 45. Bf3 Rc2 46. Rb3
Rxc4 47. g4 hxg4+ 48. Kxg4 Rc1 49. h4 Rg1+ 50. Kh3 Bf2 51. Bg2 Bxh4 52. Rb6 Ke7
53. Rb7+ Kf8 54. f5 gxf5 55. exf5 Be7 56. fxe6 fxe6 57. Rb2 Kf7 58. Rf2+ Bf6
59. Rf1 Rxf1 60. Bxf1 d5 61. Kg3 e5 62. Ba6 Ke6 63. Kf3 e4+ 64. Ke3 Ke5 65. Bb5
Bg5+ 66. Ke2 d4 67. Bc4 Kd6 68. Bb5 Kc5 69. Ba6 Bh6 70. Bb7 d3+ 71. Kd1 Kd4 72.
Ke1 Bf8 73. Kf1 Bb4 74. Bc6 e3 75. Bf3 Kc3 76. Bh5 Kd2 0-1

[Event "Cracovia 2009"]
[Site "Krakow"]
[Date "2010.01.03"]
[Round "8.12"]
[White "Bronowicki, Mateusz"]
[Black "Andrenko, Irina"]
[Result "1/2-1/2"]
[WhiteElo "2366"]
[BlackElo "2154"]
[PlyCount "86"]
[EventDate "2009.??.??"]

1. d4 Nf6 2. c4 g6 3. Nc3 Bg7 4. e4 d6 5. f3 O-O 6. Be3 c6 7. Bd3 e5 8. d5 Nh5
9. Nge2 f5 10. c5 cxd5 11. Nxd5 Nc6 12. O-O f4 13. Bf2 Qg5 14. Qd2 Bh3 15. Ng3
Bh6 16. gxh3 fxg3 17. Be3 gxh2+ 18. Kh1 Nf4 19. Bxf4 exf4 20. Nc7 dxc5 21. Nxa8
Rxa8 22. Bc4+ Kh8 23. Bd5 Nd4 24. Bxb7 Rb8 25. Bd5 Bg7 26. Qxh2 Ne2 27. Qxe2
Rxb2 28. Rg1 Qh4 29. Qf1 Rf2 30. Be6 Rxf1 31. Raxf1 Bd4 32. Rg2 Qf6 33. Bc4 Qb6
34. Rc2 Qb4 35. Bd5 Qb5 36. Bc4 Qb4 37. Bd5 Qa4 38. Bb3 Qd7 39. Kh2 a5 40. Rd1
Qb5 41. Bc4 Qa4 42. Bb3 Qb5 43. Bc4 Qa4 1/2-1/2

[Event "Cracovia 2009"]
[Site "Krakow"]
[Date "2010.01.03"]
[Round "8.13"]
[White "Rudnicki, Milosz"]
[Black "Nguyen, Piotr"]
[Result "1/2-1/2"]
[WhiteElo "2221"]
[BlackElo "2353"]
[PlyCount "143"]
[EventDate "2009.??.??"]

1. e4 e5 2. Nf3 Nc6 3. Bb5 a6 4. Ba4 Nf6 5. O-O Be7 6. Re1 b5 7. Bb3 d6 8. d4
Bg4 9. c3 O-O 10. Be3 exd4 11. cxd4 Na5 12. Bc2 c5 13. h3 Bh5 14. g4 Bg6 15.
Nbd2 Nd7 16. Bf4 Rc8 17. Rc1 Qb6 18. Nf1 cxd4 19. Qxd4 Qxd4 20. Nxd4 Bf6 21.
Red1 Rc4 22. Nb3 Nxb3 23. axb3 Rc6 24. Bb1 Rxc1 25. Rxc1 Bxb2 26. Rd1 Nc5 27.
Rxd6 Ra8 28. Nd2 Bc1 29. Be3 Bxd2 30. Bxc5 Bf4 31. Rb6 h5 32. b4 Rd8 33. Kg2
Rd1 34. Kf3 Be5 35. Ba2 Kh7 36. Bd5 Rh1 37. gxh5 Bxh5+ 38. Ke3 Rxh3+ 39. Kd2
Ra3 40. Rb7 Bg6 41. Ra7 Bb8 42. Re7 Rf3 43. Ke2 Bh5 44. Kd2 Bf4+ 45. Kc2 Bg5
46. Ra7 Bh4 47. Rxa6 Bxf2 48. Ra1 g5 49. Rh1 Kg6 50. e5 Rf4 51. Kd3 Bg4 52. Bf8
Rd4+ 53. Kc3 Rxd5 54. Rh6+ Kf5 55. Rf6+ Kxe5 56. Rxf2 Bf5 57. Bg7+ Ke4 58. Bh6
Rd3+ 59. Kc2 Rf3 60. Re2+ Kd4+ 61. Kd2 g4 62. Be3+ Kc4 63. Bc5 g3 64. Re3 Rf2+
65. Re2 Rxe2+ 66. Kxe2 Be4 67. Ke3 f5 68. Bd6 Bc6 69. Bc5 Kc3 70. Bd6 Bb7 71.
Bc5 Kc4 72. Kf4 1/2-1/2

[Event "Cracovia 2009"]
[Site "Krakow"]
[Date "2010.01.03"]
[Round "8.14"]
[White "Skawinski, Arkadiusz"]
[Black "Sadzikowski, Daniel"]
[Result "1-0"]
[WhiteElo "2206"]
[BlackElo "2287"]
[PlyCount "69"]
[EventDate "2009.??.??"]

1. e4 e5 2. Nf3 Nc6 3. Bb5 a6 4. Ba4 Nf6 5. O-O Be7 6. Re1 b5 7. Bb3 d6 8. c3
O-O 9. d4 Bg4 10. d5 Na5 11. Bc2 c6 12. h3 Bd7 13. Nbd2 Qc8 14. Nf1 cxd5 15.
exd5 Bf5 16. Bxf5 Qxf5 17. Ne3 Qd7 18. Nd2 Rfc8 19. Qe2 g6 20. Rd1 Bf8 21. b4
Nc4 22. Ndxc4 bxc4 23. Nxc4 Qb5 24. Qf3 Rxc4 25. Qxf6 Rxc3 26. Be3 Rd3 27. Rxd3
Qxd3 28. Qf3 Rb8 29. a3 Rc8 30. Bg5 Qd4 31. Rd1 Qb2 32. Qd3 Qc2 33. Qxc2 Rxc2
34. Rc1 Ra2 35. Bf6 1-0

[Event "Cracovia 2009"]
[Site "Krakow"]
[Date "2010.01.03"]
[Round "8.15"]
[White "Kaim, Piotr"]
[Black "Barski, Radoslaw"]
[Result "1-0"]
[WhiteElo "2284"]
[BlackElo "2206"]
[PlyCount "83"]
[EventDate "2009.??.??"]

1. Nf3 c5 2. g3 Nc6 3. Bg2 g6 4. c3 e5 5. O-O Bg7 6. d4 e4 7. Ng5 d5 8. c4 f5
9. cxd5 Nxd4 10. Nc3 h6 11. Nh3 g5 12. f3 exf3 13. exf3 Ne7 14. Qa4+ Bd7 15.
Qc4 Qb6 16. Re1 Bf6 17. Be3 Rc8 18. f4 g4 19. Nf2 Qd6 20. Nfe4 fxe4 21. Nxe4
Qb6 22. d6 Be6 23. Nxf6+ Kf7 24. Qc3 Qxd6 25. Ne4 Qb6 26. Nxc5 Ndf5 27. Bf2 Bd5
28. Bxd5+ Nxd5 29. Qe5 Nde7 30. Ne6 Qd6 31. Qxd6 Nxd6 32. Bxa7 Rc2 33. Bd4 Rhc8
34. Bc3 Nef5 35. Rad1 b5 36. Nd4 Nxd4 37. Rxd4 Rc6 38. a3 h5 39. Rd5 h4 40.
gxh4 Nc4 41. h5 Rc7 42. Rf5+ 1-0

[Event "Cracovia 2009"]
[Site "Krakow"]
[Date "2010.01.03"]
[Round "8.16"]
[White "Gbyl, Andrzej"]
[Black "Wandzik, Wojciech"]
[Result "1/2-1/2"]
[WhiteElo "2270"]
[BlackElo "2092"]
[PlyCount "133"]
[EventDate "2009.??.??"]

1. d4 f5 2. Bg5 g6 3. Nc3 Bg7 4. e3 Nf6 5. h4 h6 6. Bxf6 Bxf6 7. g4 e6 8. Bd3
Bxh4 9. Nh3 c6 10. gxf5 exf5 11. Bxf5 Qe7 12. Bxg6+ Kd8 13. Qe2 d5 14. O-O-O
Qd6 15. Qh5 Be7 16. Bf5 Nd7 17. Nf4 Nf6 18. Qh3 Kc7 19. Rdg1 Bxf5 20. Qxf5 Rae8
21. Rg6 Kb8 22. Rhxh6 Rxh6 23. Rxh6 Rg8 24. Qe5 Qxe5 25. dxe5 Ng4 26. Rg6 Rxg6
27. Nxg6 Bc5 28. Nd1 Nxf2 29. Nxf2 Bxe3+ 30. Kd1 Bxf2 31. Ke2 Bd4 32. c3 Bc5
33. Kf3 Kc7 34. Kf4 Kd7 35. Kf5 d4 36. cxd4 Bxd4 37. b3 b5 38. Ke4 Bb2 39. Nf4
a5 40. Nd3 Bc3 41. a4 Ke6 42. Nc5+ Ke7 43. Kf5 Bb4 44. Nd3 Bd2 45. Nf2 Be1 46.
Ne4 Bb4 47. Nf6 Be1 48. Ng4 Bd2 49. Nh2 Be1 50. Nf3 Bc3 51. Nh4 Bb2 52. Ng6+
Kd7 53. Kf6 Ba1 54. Nf8+ Kc7 55. Ke6 c5 56. axb5 Kb6 57. Kd5 Kxb5 58. e6 Bf6
59. Nd7 Be7 60. Ne5 Bh4 61. Nc6 Bg5 62. Ne5 Kb4 63. Nf3 Bd8 64. Nd2 Kc3 65.
Ne4+ Kxb3 66. Nxc5+ Kb4 67. Nb7 1/2-1/2

[Event "Cracovia 2009"]
[Site "Krakow"]
[Date "2010.01.03"]
[Round "8.17"]
[White "Veltkamp, Gerben"]
[Black "Kalvaitis, Sigitas"]
[Result "0-1"]
[WhiteElo "2166"]
[BlackElo "2270"]
[PlyCount "51"]
[EventDate "2009.??.??"]

1. e4 e6 2. Qe2 c5 3. Nf3 Nc6 4. g3 d6 5. Bg2 Nf6 6. O-O Be7 7. b3 O-O 8. Bb2
d5 9. d3 b5 10. c4 bxc4 11. bxc4 dxe4 12. dxe4 Rb8 13. Na3 Ba6 14. Nb5 Qb6 15.
a4 Rfd8 16. e5 Ne8 17. Qe3 Na5 18. Qf4 Bb7 19. Rfb1 Bxf3 20. Bxf3 a6 21. Bc3
Rd3 22. Nd6 Qxb1+ 23. Rxb1 Rxb1+ 24. Kg2 Nxd6 25. Bxa5 Nb7 26. Bc7 0-1

[Event "Cracovia 2009"]
[Site "Krakow"]
[Date "2010.01.03"]
[Round "8.18"]
[White "Kumor, Lukasz"]
[Black "Wcislo, Damian"]
[Result "0-1"]
[WhiteElo "2104"]
[BlackElo "2220"]
[PlyCount "148"]
[EventDate "2009.??.??"]

1. e4 c5 2. Nf3 Nc6 3. d4 cxd4 4. Nxd4 Nf6 5. Nc3 d6 6. Bg5 e6 7. Be2 Qa5 8.
Bxf6 gxf6 9. Qd2 a6 10. O-O Bd7 11. Rfd1 h5 12. Nb3 Qc7 13. a4 Rc8 14. Kh1 h4
15. f4 Bh6 16. a5 Ne5 17. Rf1 Ng6 18. Qd4 Ke7 19. f5 Ne5 20. Qf2 Bg5 21. Rfd1
Rcd8 22. Kg1 Kf8 23. Kh1 Kg7 24. Kg1 Rhe8 25. Kh1 Re7 26. Ra2 Be8 27. Raa1 Qb8
28. Rab1 Nc6 29. g3 Qa7 30. Qg2 hxg3 31. Qxg3 Qe3 32. Rg1 Qxg3 33. Rxg3 Bd7 34.
Bd3 Rh8 35. Rbg1 Ree8 36. Kg2 Kf8 37. h3 Ke7 38. Kf1 Rh6 39. Kg2 Reh8 40. Rh1
Ne5 41. Rf1 Rh4 42. fxe6 fxe6 43. Ne2 Bc6 44. Nbd4 Bxe4+ 45. Bxe4 Rxe4 46. Rb3
Rb8 47. Rd1 Kd7 48. Nc3 Re3 49. Rb4 Ng6 50. Nf3 Bh6 51. Kf2 Ne5 52. Nxe5+ Rxe5
53. Ne4 Rf5+ 54. Ke2 Bf8 55. Rbd4 d5 56. c4 Re8 57. cxd5 exd5 58. Rxd5+ Ke6 59.
Nc3 Bb4 60. Rxf5 Kxf5+ 61. Kf3 Bxa5 62. Rd7 b5 63. Ra7 Bxc3 64. bxc3 Re6 65.
Ra8 Rc6 66. Kg2 Ke4 67. Kf2 Kd3 68. Kf3 Kxc3 69. h4 b4 70. h5 f5 71. Kf4 b3 72.
Kg5 b2 73. Rb8 Kc2 74. h6 Rxh6 0-1

[Event "Cracovia 2009"]
[Site "Krakow"]
[Date "2010.01.03"]
[Round "8.19"]
[White "Jagodzinski, Piotr"]
[Black "Bakalarz, Leszek"]
[Result "0-1"]
[WhiteElo "2207"]
[BlackElo "2137"]
[PlyCount "102"]
[EventDate "2009.??.??"]

1. e4 c5 2. Nf3 d6 3. c3 Nf6 4. Be2 g6 5. O-O Bg7 6. Qc2 O-O 7. d4 Qc7 8. Na3
a6 9. dxc5 dxc5 10. Bg5 b5 11. e5 Ng4 12. Qe4 Nc6 13. Bf4 Bf5 14. e6 Qb6 15.
exf7+ Rxf7 16. Qd5 Rd8 17. Qb3 Na5 18. Nc4 Nxb3 19. Nxb6 Nxa1 20. Rxa1 e5 21.
Bg5 Bf6 22. h3 e4 23. hxg4 exf3 24. Bxf3 Bxg5 25. gxf5 Rf6 26. Nd5 Rxf5 27. Nc7
Rd6 28. c4 bxc4 29. Be2 Rf4 30. Bf3 Rxf3 31. gxf3 Bd8 32. Na8 a5 33. Re1 Kf7
34. Re4 Ra6 35. Rxc4 Rxa8 36. Rxc5 a4 37. Rb5 h5 38. Kg2 Bf6 39. Rb6 Rd8 40.
Rb4 Rd2 41. Rxa4 Bxb2 42. Ra7+ Kf6 43. Ra6+ Kg7 44. a4 Bd4 45. a5 Rxf2+ 46. Kg3
Ra2 47. f4 Ra3+ 48. Kg2 Be3 49. f5 gxf5 50. Re6 Bf4 51. Re7+ Kf6 0-1

[Event "Cracovia 2009"]
[Site "Krakow"]
[Date "2010.01.03"]
[Round "8.20"]
[White "Wiewiora, Eneasz"]
[Black "Warakomska, Anna"]
[Result "1/2-1/2"]
[WhiteElo "2023"]
[BlackElo "2189"]
[PlyCount "34"]
[EventDate "2009.??.??"]

1. e4 c5 2. c3 Nf6 3. e5 Nd5 4. d4 cxd4 5. Nf3 Nc6 6. cxd4 e6 7. Bd3 d6 8. a3
Be7 9. O-O O-O 10. Qe2 Bd7 11. Qe4 f5 12. exf6 Nxf6 13. Qh4 d5 14. Nc3 Ne4 15.
Qh5 Nf6 16. Qh4 Ne4 17. Qh5 Nf6 1/2-1/2

[Event "Cracovia 2009"]
[Site "Krakow"]
[Date "2010.01.03"]
[Round "8.21"]
[White "Sowul, Bartosz"]
[Black "Sliwerski, Radoslaw"]
[Result "0-1"]
[WhiteElo "2101"]
[BlackElo "2157"]
[PlyCount "94"]
[EventDate "2009.??.??"]

1. e4 c5 2. Nf3 d6 3. d4 cxd4 4. Nxd4 Nf6 5. Nc3 a6 6. Bc4 e6 7. O-O b5 8. Bb3
Be7 9. Qf3 Qc7 10. Qg3 O-O 11. Bh6 Ne8 12. Rad1 Bd7 13. Rfe1 Nc6 14. Nf3 b4 15.
Ne2 e5 16. Rd3 Na5 17. Bd5 Rc8 18. c4 Be6 19. b3 Bxd5 20. Rxd5 Nb7 21. Nc1 Kh8
22. Bd2 Nf6 23. Rd3 Nc5 24. Rde3 a5 25. Nh4 g6 26. R3e2 Qd8 27. Nf3 Qd7 28. Bg5
Nh5 29. Qh4 Bxg5 30. Nxg5 f6 31. Nh3 Ng7 32. Rd2 g5 33. Qh6 g4 34. Rxd6 Qf7 35.
Rd5 gxh3 36. Qxh3 Nge6 37. Qe3 Nd4 38. Rf1 Qg6 39. g3 Nxe4 40. Rxa5 Nd2 41. Rd1
N2f3+ 42. Kg2 Rg8 43. h3 Rcd8 44. Ne2 Nc2 45. Qxf3 Rxd1 46. Kh2 Nd4 47. Qd5 Rd2
0-1

[Event "Cracovia 2009"]
[Site "Krakow"]
[Date "2010.01.03"]
[Round "8.22"]
[White "Pietruszewski, Marcin"]
[Black "Luca, Ionel"]
[Result "1-0"]
[WhiteElo "2071"]
[BlackElo "2153"]
[PlyCount "73"]
[EventDate "2009.??.??"]

1. e4 {[%emt 0:00:00]} d6 2. d4 Nf6 3. Nc3 c6 4. g3 h5 5. h3 Qa5 6. Bg2 b5 7.
Be3 b4 8. Nb1 d5 9. Nd2 dxe4 10. Nxe4 Nxe4 11. Bxe4 Bf5 12. Bg2 e5 13. Ne2 Nd7
14. O-O Rc8 15. dxe5 Bc5 16. Nd4 Bxd4 17. Bxd4 O-O 18. f4 Rfd8 19. Qxh5 Bxc2
20. Qe2 Nf8 21. Qxc2 Rxd4 22. Rfd1 Rcd8 23. b3 Ne6 24. Rxd4 Nxd4 25. Qc4 Qa3
26. Kh1 Nf5 27. g4 Qb2 28. Qc1 Ng3+ 29. Kh2 Qf2 30. Qe1 Qb2 31. Kxg3 Rd3+ 32.
Bf3 c5 33. Rd1 Rd4 34. Rxd4 Qxd4 35. e6 g5 36. e7 gxf4+ 37. Kg2 1-0

[Event "Cracovia 2009"]
[Site "Krakow"]
[Date "2010.01.03"]
[Round "8.23"]
[White "Kireev, Andrey"]
[Black "Malec, Sebastian"]
[Result "1/2-1/2"]
[WhiteElo "2163"]
[BlackElo "2100"]
[PlyCount "111"]
[EventDate "2009.??.??"]

1. e4 c5 2. Nc3 Nc6 3. g3 g6 4. Bg2 Bg7 5. d3 d6 6. Be3 e6 7. Qd2 Nge7 8. h4 h5
9. Nh3 e5 10. f3 f6 11. Nf2 Be6 12. Ne2 Nd4 13. c3 Nxe2 14. Qxe2 Nc6 15. Bh3
Bxh3 16. Rxh3 Qe7 17. Qc2 O-O-O 18. O-O-O Kb8 19. Qb3 Ka8 20. Rg1 Rc8 21. Qd5
Nd4 22. Bxd4 cxd4 23. Nd1 Rc5 24. Qb3 Rhc8 25. Rh2 d5 26. exd5 Qd7 27. Kb1 Qf5
28. Qc2 dxc3 29. Nxc3 Qxf3 30. Qe2 Qf5 31. Qe4 Bh6 32. Qxf5 gxf5 33. Rf1 f4 34.
gxf4 Bxf4 35. Rg2 b5 36. a3 a5 37. Rg7 b4 38. axb4 axb4 39. Na4 R5c7 40. Rxc7
Rxc7 41. Ka2 Rg7 42. Kb3 Rg4 43. Kc4 Bg3+ 44. Kc5 Bxh4 45. Kc6 Kb8 46. Nb6 Rg2
47. Rh1 Rc2+ 48. Nc4 e4 49. b3 exd3 50. d6 d2 51. d7 f5 52. Rd1 Be7 53. Rxd2
Rxd2 54. Nxd2 h4 55. Nf3 h3 56. Nh2 1/2-1/2

[Event "Cracovia 2009"]
[Site "Krakow"]
[Date "2010.01.03"]
[Round "8.24"]
[White "Slabek, Grzegorz"]
[Black "Baumann, Dariusz"]
[Result "1/2-1/2"]
[WhiteElo "2154"]
[BlackElo "2085"]
[PlyCount "49"]
[EventDate "2009.??.??"]

1. d4 d5 2. Nf3 Nf6 3. e3 e6 4. Be2 Bd6 5. b3 Qe7 6. Bb2 Ne4 7. O-O f5 8. Ne5
O-O 9. f3 Nf6 10. c4 c5 11. Nc3 cxd4 12. exd4 a6 13. Na4 Bc7 14. Qc1 Re8 15.
Ba3 Qd8 16. c5 Nc6 17. Bb2 Nd7 18. f4 Nf6 19. Qe3 Bd7 20. a3 Re7 21. Nc3 Be8
22. h3 Nxe5 23. fxe5 Ne4 24. Nxe4 dxe4 25. g4 1/2-1/2

[Event "Cracovia 2009"]
[Site "Krakow"]
[Date "2010.01.03"]
[Round "8.25"]
[White "Bebchuk, Leonid"]
[Black "Iwanow, Anna"]
[Result "0-1"]
[WhiteElo "2151"]
[BlackElo "2026"]
[PlyCount "72"]
[EventDate "2009.??.??"]

1. e4 e5 2. Nf3 Nc6 3. Bb5 a6 4. Ba4 Nf6 5. O-O b5 6. Bb3 Bc5 7. c3 d6 8. d4
Bb6 9. a4 Rb8 10. axb5 axb5 11. Na3 O-O 12. Nxb5 Bg4 13. Bc2 Bxf3 14. gxf3 Nh5
15. dxe5 Qh4 16. Qe2 Nxe5 17. Nd4 Ng6 18. f4 Nhxf4 19. Qf3 Bxd4 20. cxd4 Rb5
21. Kh1 Rh5 22. Qg3 Qf6 23. Bxf4 Nxf4 24. Rae1 Rh3 25. e5 dxe5 26. dxe5 Qh6 27.
Qg1 Rh5 28. Bd1 Rg5 29. Bg4 Qc6+ 30. f3 h5 31. Qe3 Rxg4 32. Qe4 Qxe4 33. Rxe4
Rh4 34. Rc1 Ng6 35. Rxh4 Nxh4 36. f4 Rb8 0-1

[Event "Cracovia 2009"]
[Site "Krakow"]
[Date "2010.01.03"]
[Round "8.26"]
[White "Swiech, Przemyslaw"]
[Black "Czyz, Artur"]
[Result "1-0"]
[WhiteElo "2134"]
[BlackElo "2070"]
[PlyCount "65"]
[EventDate "2009.??.??"]

1. d4 Nf6 2. c4 g6 3. Nc3 Bg7 4. Nf3 O-O 5. g3 d6 6. Bg2 Nc6 7. O-O Bg4 8. d5
Na5 9. Nd2 c5 10. h3 Bd7 11. f4 a6 12. e4 b5 13. g4 Rb8 14. Qe2 b4 15. Nd1 Ne8
16. e5 e6 17. Rb1 Qc7 18. dxe6 fxe6 19. exd6 Nxd6 20. b3 Nc6 21. Nf3 Rbe8 22.
Nf2 e5 23. fxe5 Nxe5 24. Nxe5 Bxe5 25. Bd5+ Nf7 26. Ne4 Bc6 27. Bb2 Bxd5 28.
cxd5 Bxb2 29. Qxb2 Qe5 30. Nf6+ Kg7 31. Nxe8+ Rxe8 32. Qxe5+ Rxe5 33. Rbd1 1-0